| 000 | 01208cam a2200337 i 4500 | ||
|---|---|---|---|
| 001 | 15065701 | ||
| 003 | EG-ScBUE | ||
| 005 | 20260311103036.0 | ||
| 008 | 071031s2008 enkab f bd 001 0 eng d | ||
| 020 | _a9780521871785 (hardback) | ||
| 035 | _a(OCoLC)ocn180907852 | ||
| 035 | _a(OCoLC)180907852 | ||
| 040 |
_aEG-ScBUE _beng _erda _cEG-ScBUE _dEG-ScBUE |
||
| 082 | 0 | 4 |
_a552.4 _bVER _222 |
| 100 | 1 |
_aVernon, R. H. _q(Ronald Holden), _95040 _eauthor. |
|
| 245 | 1 | 0 |
_aPrinciples of metamorphic petrology / _cR. H. Vernon, Macquarie University, Sydney, G. L. Clarke, University of Sydney. |
| 250 | _aFirst edition. | ||
| 264 | 1 |
_aCambridge : _bCambridge University Press, _c2008. |
|
| 300 |
_a1 volume (various pagings) : _billustrations, maps ; _c26 cm |
||
| 336 |
_2rdacontent _atext _btxt |
||
| 337 |
_aunmediated _2rdamedia _bn |
||
| 338 |
_avolume _bnc _2rdacarrier |
||
| 500 | _aIncludes glossary. | ||
| 500 | _aIncludes appendix. | ||
| 504 | _aIncludes bibliographical references and index. | ||
| 650 | 7 |
_aRocks, Metamorphic. _95041 _2BUEsh |
|
| 650 | 7 |
_aPetrology. _95042 _2BUEsh |
|
| 655 | _vReading book | ||
| 700 | 1 |
_aClarke, G. L. _q(Geoffrey L.), _d1958- _95043 _eauthor. |
|
| 942 |
_2ddc _cBB |
||
| 999 |
_c11597 _d11597 |
||